1783 1225 1340 1355 1672 1422 1871 1636 1972 1366 1298 1491 1327 1440 1808 1612 1737 1292 1614 1141 1093 1338 1401 1622 1990 1497 1300 1579 1113 1962 1965 1511 1412 1779 1451 1312 1484 1508 1625 1257 1118 1903 1741 1045 1501 1776 1581 1167 1090 1018 1867 1084 1983 1234 1722 1221 1245 1258 1605 1842 1310 1572 1905 1884 1686 1535 1234 1903 1212 1824 1629 1774 1168 1862 1335 1879 1320 1536 1189 1219 1322 1427 1374 1772 1467 1519 1640 1971 1326 1581 1535 1307 1911 1080 1262 1976 1053 1140 1733 BCNSPRNW ULIB Ver.6.0+V

เปลี่ยนเป็นภาษาไทย

Change to English
 แสดงรายละเอียดบรรณานุกรม
  กลับหน้าหลัก

Brief Record : Get Marc (ISO 2709) : E-mail record : QR code < ปิดหน้าต่าง
LEADER : 00000nam 2200000uu 4500
001    13399114237
003     ULIB
008    110627s||||||||th 000 0 tha d
020    9789749899229
090    นว.^bย731ค 2550
100 0  โยโคมิโซะ เซซิ
245 00 คินดะอิจิยอดนักสืบ ตอนที่ 1 หมู่บ้านแปดหลุมศพ/^cโยโคมิโซะ เซซิ
250    พิมพ์ครั้งที่ 9
260    กรุงเทพฯ :^bBLISS publishing,^c2553
300    274 หน้า
710 1  BLISS publishing
945    ^p199^l0^i022056
995    ทศพร
999 ^a ใช้งานได้ทุกระบบ
รายการนี้ยังไม่มีแท็ก
คุณยังไม่ได้ล็อกอิน คุณสามารถมีกิจกรรมร่วมกับเว็บไซต์ได้ แต่ต้องล็อกอินก่อน ::
  ล็อกอิน

รายการสื่อสารสนเทศ

ลำดับที่ ประเภท เลขเรียก/บาร์โค้ด สถานที่ สถานะ
1. นวนิยาย
นวนิยาย
นว. ย731ค 2550 ฉ.1 
  Barcode: 022056
ห้องสมุดวิทยาเขตสวรรค์ประชารักษ์
►นวนิยาย
บนชั้น
  ขอยืม

รายการใกล้เคียง
    ผู้แต่ง [โยโคมิโซะ เซซิ]

BibComment


ยังไม่เคยถูกคอมเมนท์

คอมเมนท์ทรัพยากรรายการนี้
  คอมเมนท์: คินดะอิจิยอดนักสื..


 Copyright 2026. Bcnsprnw @Library